000 01087nam a2200217Ia 4500
999 _c40194
_d40194
001 6801
003 GE_BSU
005 20190502142825.0
008 181216s1980||||ge |||||||||||||| ||geo||
040 _cGE_BSU
041 _ageo
080 _a624.072.2/7 მ-74
100 _aმიქელაძე, მ.
_9563
245 _aთხელკედლიანი სივრცული სისტემების გაანგარიშების საფუძვლები :
_bსახელმძღვ. /
_c მ.მიქელაძე ; რედ. დ.მაღულარია.
264 _aთბილისი :
_bგანათლება,
_c1980.
300 _a199 გვ. :
_bნახაზები ;
_c22 სმ.
504 _aბიბლიოგრ. : გვ.197.
653 _aთხელკედლიანი სივრცული სისტემების გაანგარიშების საფუძვლები
700 _aმაღულარია, დ.
_eრედაქტორი
_9652
942 _cBK
_2udc